000 00758nam a22001817a 4500
999 _c57824
_d57824
005 20210419173207.0
008 201222c2020 ge ||||| |||| 00| 0 geo d
022 _a1512083X
041 _ageo
245 _aაუდიტი აღრიცხვა ფინანსები :
_b2020. ინფო კონსულტანტი /
_cმთავ. რედაქტორი გიორგი ცერცვაძე.
260 _aთბილისი,
_c2020.
300 _av.
_b
653 _aეკონომიკა
653 _aფინანსები
653 _aპერიოდიკა
700 _aცერცვაძე, გიორგი
_eმთავარი რედაქტორი
_9448
942 _2udc
_cCR